|
|
|
|
| LEADER |
02274nam a2200445 a 4500 |
| 001 |
mzk03001208188 |
| 003 |
CZ BrMZK |
| 005 |
20201207170247.0 |
| 007 |
ta |
| 008 |
141013s1857 gw f |||| 0 ger d |
| 040 |
|
|
|a BOA001
|b cze
|
| 072 |
|
7 |
|a 27
|x Křesťanství. Křesťanská církev všeobecně. Eklesiologie
|2 Konspekt
|9 5
|
| 072 |
|
7 |
|a 094.5
|x Tisky (19. století)
|2 Konspekt
|
| 080 |
|
|
|a 27-31
|2 MRF
|
| 080 |
|
|
|a 025.171
|2 MRF
|
| 100 |
0 |
|
|a Tomé de Jesus,
|c otec,
|d 1529-1582
|7 mzk2003195695
|4 aut
|
| 245 |
1 |
4 |
|a Die Leiden unseres Herrn Jesu Christi während seines ganzen Erdenlebens. Betrachtet und beschrieben von dem ehrwürdigen Pater Thomas a Jesu aus dem Augustiner-Eremiten-Orden während dessen Gefangenschaft bei den Mauren in Afrika. Neu herausgegeben als tägliche Lasung für die heilige Fastenzeit von Anton Fecke, Seelsorger an der Strasanstalt in Münster
|
| 260 |
|
|
|a [Münster] :
|b Druck und Verlag von Friedrich Cazin in Münster,
|c [1857]
|
| 300 |
|
|
|a XVI, 367 s., [1] příl. ;
|c 8°
|
| 500 |
|
|
|a Výzdoba: Ocelorytinový frontispis (Stahlstich v. Carl Mayer's Kunst-Anstalt in Nürnberg, nad impressem viněta, linky, koncová viněta
|
| 501 |
|
|
|a Obsahuje: Přívazek Jseu Christus erhöre uns!
|
| 561 |
|
|
|a Provenience: [razítko] Aug. Doležal Buchbinder Raigern N: 90
|
| 563 |
|
|
|a Lepenkové desky potažené plátnem, usňový hřbet, mramorovaná ořízka
|
| 650 |
|
7 |
|a christologie
|7 ph115015
|2 czenas
|
| 650 |
|
7 |
|a historické knihovní fondy
|7 ph172933
|2 czenas
|
| 655 |
|
4 |
|a tisky 19. století
|
| 700 |
1 |
|
|a Mayer, Carl,
|d 1798-1868
|7 mzk2012713433
|4 egr
|
| 700 |
1 |
|
|a Fecke, Anton
|4 com
|
| 856 |
4 |
1 |
|u https://imageserver.mzk.cz/mzk03/001/208/188/328100219035.titul.jp2
|y Titulní list
|
| 856 |
4 |
1 |
|u https://imageserver.mzk.cz/mzk03/001/208/188/328100219035.titul1.jp2
|y Titulní list 1. přívazku
|
| 910 |
|
|
|e BOE950
|c R - R. III. c. 22
|
| 978 |
|
|
|b Cazin, Fridrich
|a Münster
|c 1857
|
| 981 |
1 |
|
|a Doležal, Aug.
|
| 984 |
|
|
|a Münster
|b Německo
|
| 985 |
|
|
|a 1851-1900
|
| 990 |
|
|
|a BK
|
| 996 |
|
|
|e BOE950
|c R - R. III. c. 22
|
| 991 |
|
|
|k rajhrad
|
| 980 |
|
|
|c 219035
|g R - R. III. c. 22
|1 328100219035
|p BNr: 27.867
|
| 994 |
|
|
|a DN
|l MZK03
|b 001208189
|m záznam 1. díla (pro objednání pokračujte kliknutím)
|n přívazek
|